|
|
|
|
| LEADER |
00000nam0a2200000 4500 |
| 001 |
177780 |
| 005 |
20231101223347.0 |
| 010 |
|
|
|a 9785769553820
|
| 035 |
|
|
|a (RuTPU)RU\TPU\book\192754
|
| 090 |
|
|
|a 177780
|
| 100 |
|
|
|a 20100325d2009 m y0rusy50 ca
|
| 101 |
0 |
|
|a rus
|
| 102 |
|
|
|a RU
|
| 105 |
|
|
|a a j 001zy
|
| 200 |
1 |
|
|a Технологические процессы в машиностроении
|e учебник
|f В. А. Кузнецов, А. А. Черепахин
|
| 210 |
|
|
|a Москва
|c Академия
|d 2009
|
| 215 |
|
|
|a 192 с.
|c ил.
|
| 225 |
1 |
|
|a Среднее профессиональное образование. Сварочное производство
|
| 320 |
|
|
|a Библиогр.: с. 188.
|
| 330 |
|
|
|a Рассмотрен технологический цикл преобразования руды в готовое изделие в условиях единичного, серийного и массового производства. Представлены сведения, касающиеся производства конструкционных материалов (черных и цветных металлов и сплавов, порошковых и композиционных материалов) и заготовок методами литья и пластического деформирования, механической (лезвийная, абразивная и финишная) и термической обработки заготовок, получения разъемных и неразъемных соединений. При рассмотрении каждого способа обработки конструкционных материалов приведены описания основных схем переработки, технологические особенности и возможности способа. Для студентов учреждений среднего профессионального образования.
|
| 606 |
1 |
|
|a Машиностроение
|x Производственный цикл
|2 stltpush
|3 (RuTPU)RU\TPU\subj\41483
|9 61273
|
| 610 |
1 |
|
|a технологические процессы
|
| 610 |
1 |
|
|a конструкционные материалы
|
| 610 |
1 |
|
|a металлургия
|
| 610 |
1 |
|
|a классификация
|
| 610 |
1 |
|
|a изделия
|
| 610 |
1 |
|
|a качество
|
| 610 |
1 |
|
|a литейное производство
|
| 610 |
1 |
|
|a обработка давлением
|
| 610 |
1 |
|
|a сплавы
|
| 610 |
1 |
|
|a термическая обработка
|
| 610 |
1 |
|
|a химико-термическая обработка
|
| 610 |
1 |
|
|a обработка резанием
|
| 610 |
1 |
|
|a сборка
|
| 610 |
1 |
|
|a ресурсосбережение
|
| 610 |
1 |
|
|a учебники
|
| 675 |
|
|
|a 621.002:658.512(075.32)
|v 3
|
| 700 |
|
1 |
|a Кузнецов
|b В. А.
|g Владимир Анатольевич
|
| 701 |
|
1 |
|a Черепахин
|b А. А.
|g Александр Александрович
|
| 801 |
|
1 |
|a RU
|b 63413507
|c 20100325
|
| 801 |
|
2 |
|a RU
|b 63413507
|c 20110314
|g RCR
|
| 900 |
|
|
|a Производство сварных конструкций
|
| 900 |
|
|
|a Технологические процессы сварки и резки
|
| 942 |
|
|
|c BK
|
| 959 |
|
|
|a 22/20100324
|d 1
|e 370,00
|f ЧЗТЛ:1
|